[Event "II Weekend Master"]
[Site "Omegna ITA"]
[Date "2014.08.09"]
[Round "2"]
[White "Monticone, Sonia"]
[Black "Vianin, Pascal"]
[WhiteElo "1866"]
[BlackElo "2189"]
[Result "1-0"]
[PlyCount "75"]
[EventDate "2014.08.08"]

1. c4 Nf6 2. Nc3 Nc6 3. e3 e5 4. d3 d5 5. cxd5 Nxd5 6. a3 Be7 7. Nf3 O-O 8. Be2
a5 9. O-O Be6 10. Qc2 Nb6 11. b3 f5 12. Bb2 Qe8 13. Nb5 Rc8 14. Nxc7 Rxc7 15.
Nxe5 Rc8 16. Nc4 Nxc4 17. bxc4 b5 18. c5 Qg6 19. d4 Bd5 20. f3 Rb8 21. Bd3 Qf7
22. e4 Bb3 23. Qe2 Rfd8 24. Qe3 Bc4 25. Rfd1 Bxd3 26. Rxd3 b4 27. a4 Qc4 28.
Re1 Qa2 29. Rd2 Qxa4 30. d5 Na7 31. c6 Nxc6 32. dxc6 Rxd2 33. Qxd2 Qb3 34. c7
Rc8 35. Qd7 Qxb2 36. Qxc8+ Kf7 37. Qxf5+ Bf6 38. c8=Q 1-0

[Event "II Weekend Master"]
[Site "Omegna ITA"]
[Date "2014.08.09"]
[Round "2"]
[White "Paleologu, Vladimir"]
[Black "Bini, Massimo"]
[WhiteElo "2151"]
[BlackElo "1995"]
[Result "1-0"]
[PlyCount "77"]
[EventDate "2014.08.08"]

1. e4 e5 2. Nf3 Qe7 3. Bc4 d6 4. Nc3 c6 5. d4 Bg4 6. Be3 Nf6 7. h3 Bh5 8. dxe5
dxe5 9. a3 Nbd7 10. b4 Nb6 11. Bb3 Qc7 12. Qe2 Bd6 13. g4 Bg6 14. Nh4 Nbd7 15.
Nf5 Bxf5 16. gxf5 g6 17. Qf3 Be7 18. Qe2 Bd6 19. Qf3 Be7 20. Bh6 a6 21. Qe2 Bd6
22. Na4 b5 23. Nb2 c5 24. bxc5 Bxc5 25. Nd3 Bd4 26. Rd1 Rg8 27. Qf3 Nc5 28.
Nxc5 Qxc5 29. Bg5 Qc3+ 30. Ke2 Qxf3+ 31. Kxf3 Nh5 32. h4 Rc8 33. Rd3 Kf8 34. c3
Rxc3 35. Rxc3 Bxc3 36. Rc1 b4 37. axb4 Bxb4 38. Rc7 f6 39. Bh6+ 1-0

[Event "II Weekend Master"]
[Site "Omegna ITA"]
[Date "2014.08.09"]
[Round "2"]
[White "Pozharitskiy, Anatoly"]
[Black "Potterat, Marc"]
[WhiteElo "1893"]
[BlackElo "2165"]
[Result "1-0"]
[PlyCount "51"]
[EventDate "2014.08.08"]

1. e4 c5 2. Nc3 d6 3. f4 Nc6 4. Nf3 g6 5. Bc4 Bg7 6. O-O Nf6 7. d3 O-O 8. Qe1
Nd4 9. Qh4 Nxf3+ 10. Rxf3 a6 11. f5 b5 12. Bb3 c4 13. dxc4 b4 14. Nd5 e6 15.
fxe6 fxe6 16. Nxf6+ Bxf6 17. Qf2 Bb7 18. Bh6 Bxe4 19. Rf4 Bg7 20. Bxg7 Kxg7 21.
Rxf8 Qxf8 22. Qd4+ Qf6 23. Qxe4 Rf8 24. h3 Qxb2 25. Rd1 Rf5 26. Qd4+ 1-0

[Event "II Weekend Master"]
[Site "Omegna ITA"]
[Date "2014.08.09"]
[Round "2"]
[White "Quirico, Paolo"]
[Black "D'Agostino, Maurizio"]
[WhiteElo "2104"]
[BlackElo "1993"]
[Result "1/2-1/2"]
[PlyCount "27"]
[EventDate "2014.08.08"]

1. b3 d6 2. Bb2 e5 3. e3 Nf6 4. c4 Nc6 5. Nc3 Be7 6. g3 Bg4 7. f3 Bh5 8. Be2 d5
9. cxd5 Nxd5 10. a3 Bg6 11. Bc4 Nb6 12. Bf1 Bd3 13. Nge2 h5 14. Nc1 1/2-1/2

[Event "II Weekend Master"]
[Site "Omegna ITA"]
[Date "2014.08.09"]
[Round "2"]
[White "Rivara, Massimo"]
[Black "Buzio, Alberto"]
[WhiteElo "1800"]
[BlackElo "1841"]
[Result "0-1"]
[PlyCount "56"]
[EventDate "2014.08.08"]

1. e4 c5 2. Nc3 Nc6 3. f4 e6 4. Nf3 d5 5. exd5 exd5 6. Bb5 a6 7. Bxc6+ bxc6 8.
O-O Nf6 9. d3 Be7 10. Ne5 Qc7 11. b3 O-O 12. Qf3 Bd6 13. Bb2 Nd7 14. Nxd7 Bxd7
15. Rae1 Rae8 16. Ne2 Re7 17. h3 Rfe8 18. Bc1 Qa5 19. a3 c4 20. dxc4 dxc4 21.
b4 Qb6+ 22. Kh1 c5 23. Qf2 Qc6 24. Ng3 Bxh3 25. Rxe7 Rxe7 26. Kh2 Bg4 27. bxc5
Bxc5 28. Qd2 Qh6+ 0-1

[Event "II Weekend Master"]
[Site "Omegna ITA"]
[Date "2014.08.09"]
[Round "2"]
[White "Velluti, Alberto"]
[Black "Cacciola, Alfredo"]
[WhiteElo "1946"]
[BlackElo "2148"]
[Result "1/2-1/2"]
[PlyCount "159"]
[EventDate "2014.08.08"]

1. e4 c5 2. Nf3 d6 3. d4 cxd4 4. Nxd4 Nf6 5. Nc3 g6 6. f4 Nc6 7. Nxc6 bxc6 8.
Be3 Bg7 9. Be2 O-O 10. O-O Qa5 11. a3 Nd7 12. Bd4 Bxd4+ 13. Qxd4 Qb6 14. Qxb6
axb6 15. Bf3 Bb7 16. Rad1 Nc5 17. Rfe1 Na4 18. Nxa4 Rxa4 19. Rd3 Kg7 20. Kf2
Rc8 21. g3 b5 22. e5 d5 23. c3 e6 24. Red1 c5 25. Re1 h5 26. h4 Ra6 27. Rc1 Rb6
28. Rd2 Kf8 29. Rdc2 Ke7 30. Rd2 b4 31. cxb4 cxb4 32. Rxc8 Bxc8 33. Rc2 bxa3
34. bxa3 Kd7 35. Be2 Rb3 36. a4 Bb7 37. Rc5 Bc6 38. Ra5 Kc7 39. Ra7+ Bb7 40.
Ra5 Kb6 41. Rb5+ Rxb5 42. axb5 Bc8 43. Ke3 Kc5 44. b6 Kxb6 45. Kd4 Bd7 46. Bd3
Bb5 47. Bc2 Bd7 48. Bd3 Be8 49. Be2 Ba4 50. g4 hxg4 51. Bxg4 Bc2 52. h5 gxh5
53. Bxh5 Bg6 54. Be2 Ka5 55. Bg4 Kb4 56. Bh3 Kb3 57. Bf1 Kc2 58. Be2 Kd2 59.
Bg4 Ke1 60. Ke3 Kf1 61. Bh3+ Kg1 62. Bg4 Kg2 63. Bd1 Kg3 64. Ba4 Kg4 65. Bd1+
Kh4 66. Ba4 Kh5 67. Bd1+ Kh6 68. Ba4 Kg7 69. Bd7 Bf5 70. Bc8 Kg6 71. Ba6 Bb1
72. Bb5 Kf5 73. Bc6 Be4 74. Bb5 f6 75. exf6 Kxf6 76. Bf1 e5 77. fxe5+ Kxe5 78.
Bb5 d4+ 79. Kd2 Kd5 80. Be8 1/2-1/2

[Event "II Weekend Master"]
[Site "Omegna ITA"]
[Date "2014.08.09"]
[Round "2"]
[White "Vezzosi, Paolo"]
[Black "Montilli, Vincenzo"]
[WhiteElo "2274"]
[BlackElo "2068"]
[Result "0-1"]
[PlyCount "110"]
[EventDate "2014.08.08"]

1. d4 Nf6 2. c4 c5 3. d5 b5 4. cxb5 a6 5. b6 d6 6. Nc3 g6 7. Nf3 Bg7 8. e4 O-O
9. Be2 Bg4 10. O-O Bxf3 11. Bxf3 Nbd7 12. a4 Qxb6 13. a5 Qc7 14. Be2 Rfb8 15.
Qc2 Qb7 16. Ra3 Ne8 17. Na4 Nc7 18. Rh3 Nb5 19. Bc4 Nd4 20. Qd1 Qb4 21. b3 Qxa5
22. f4 Qc7 23. Bd2 Rb7 24. Re1 a5 25. Qg4 Rab8 26. Qh4 Nf8 27. Rb1 Nc2 28. Bc3
Na3 29. Bxg7 Kxg7 30. Qh6+ Kg8 31. Rf1 Nxc4 32. bxc4 Rb1 33. Rhf3 R8b4 34. Nc3
Rxf1+ 35. Kxf1 Rxc4 36. f5 Qb7 37. fxg6 hxg6 38. h4 Qb2 39. Qe3 Nd7 40. h5 Ne5
41. Rg3 Qa1+ 42. Kf2 Ng4+ 43. Rxg4 Qxc3 44. hxg6 Qxe3+ 45. Kxe3 a4 46. gxf7+
Kxf7 47. Rf4+ Kg7 48. Rf2 a3 49. Ra2 Rc3+ 50. Kf4 Kf6 51. g4 Rb3 52. g5+ Kg6
53. e5 Rb4+ 54. Ke3 Ra4 55. Kd3 Kxg5 0-1

[Event "II Weekend Master"]
[Site "Omegna ITA"]
[Date "2014.08.09"]
[Round "3"]
[White "Bini, Massimo"]
[Black "Balzan, Alessandro"]
[WhiteElo "1995"]
[BlackElo "1770"]
[Result "1/2-1/2"]
[PlyCount "86"]
[EventDate "2014.08.08"]

1. d4 d5 2. Bf4 Nf6 3. e3 Nbd7 4. Nf3 e6 5. Nbd2 Bd6 6. Bg3 Qe7 7. Ne5 c5 8. c3
O-O 9. Bd3 Nb8 10. O-O Nc6 11. f4 Nd7 12. Qg4 f6 13. Bh4 Qe8 14. Qh3 g6 15.
Nxd7 Bxd7 16. Qf3 Ne7 17. e4 Bc6 18. Qe2 cxd4 19. cxd4 e5 20. fxe5 fxe5 21.
dxe5 Bxe5 22. Nf3 Bg7 23. Ng5 dxe4 24. Bxe4 Nf5 25. Qc4+ Kh8 26. Bxc6 Qxc6 27.
Qxc6 bxc6 28. Bf2 Bxb2 29. Rad1 a5 30. Rd7 h6 31. Nf3 Rad8 32. Rc7 Rc8 33. Rb7
Bf6 34. Rc1 Rfd8 35. Ra7 Rd5 36. Ra6 Nd4 37. Nxd4 Bxd4 38. Bxd4+ Rxd4 39. Rxa5
Kg7 40. Rac5 Rd2 41. R1c2 Rxc2 42. Rxc2 Ra8 43. Rxc6 Rxa2 1/2-1/2

[Event "II Weekend Master"]
[Site "Omegna ITA"]
[Date "2014.08.09"]
[Round "3"]
[White "Bracaglia, Carlo"]
[Black "Balzan, Marco"]
[WhiteElo "2125"]
[BlackElo "1822"]
[Result "0-1"]
[PlyCount "74"]
[EventDate "2014.08.08"]

1. e4 c5 2. Nc3 d6 3. g3 Nf6 4. Bg2 a6 5. d3 e6 6. f4 Nc6 7. Nf3 Be7 8. O-O O-O
9. h3 Rb8 10. g4 d5 11. Qe2 dxe4 12. dxe4 Nd4 13. Qf2 Nxf3+ 14. Bxf3 Qc7 15.
Be3 b5 16. e5 Nd7 17. Rad1 Bb7 18. Rd2 Bxf3 19. Qxf3 Nb6 20. Rfd1 Rfe8 21. Bf2
Rbd8 22. Ne4 Rxd2 23. Nxd2 Rd8 24. Ne4 Nd5 25. Bg3 Nb4 26. c3 Rxd1+ 27. Qxd1
Nd5 28. Qf3 Qa5 29. a3 Qa4 30. f5 Qc2 31. f6 gxf6 32. exf6 Qc1+ 33. Kh2 Qxb2+
34. Bf2 Bf8 35. Kg3 Qxa3 36. Be1 b4 37. Nxc5 Qc1 0-1

[Event "II Weekend Master"]
[Site "Omegna ITA"]
[Date "2014.08.09"]
[Round "3"]
[White "Buzio, Alberto"]
[Black "Velluti, Alberto"]
[WhiteElo "1841"]
[BlackElo "1946"]
[Result "1-0"]
[PlyCount "71"]
[EventDate "2014.08.08"]

1. e4 e5 2. Nf3 Nc6 3. d4 exd4 4. Bc4 d6 5. Nxd4 Nf6 6. Nc3 Be7 7. O-O O-O 8.
h3 Ne5 9. Be2 Ng6 10. f4 Re8 11. Bd3 Bf8 12. Nf3 c6 13. Be3 b6 14. f5 Ne5 15.
Nxe5 dxe5 16. Qf3 Nd7 17. Rad1 Bc5 18. Bxc5 Nxc5 19. Bc4 Qf6 20. Rf2 b5 21. Bb3
a5 22. a3 Ba6 23. Rfd2 Red8 24. Qe3 Nxb3 25. cxb3 Rxd2 26. Qxd2 g6 27. Qd7 b4
28. Na4 Qg5 29. Qxc6 Qe3+ 30. Kh1 Ra7 31. f6 h5 32. Qe8+ Kh7 33. Qf8 Qh6 34.
Qc5 Be2 35. Rd8 Ra6 36. Qc8 1-0

[Event "II Weekend Master"]
[Site "Omegna ITA"]
[Date "2014.08.09"]
[Round "3"]
[White "Cacciola, Alfredo"]
[Black "Engl, Stefan"]
[WhiteElo "2148"]
[BlackElo "1912"]
[Result "0-1"]
[PlyCount "66"]
[EventDate "2014.08.08"]

1. e4 e6 2. d4 d5 3. Nc3 Bb4 4. e5 c5 5. a3 Bxc3+ 6. bxc3 Qc7 7. Qg4 f5 8. Qg3
Nc6 9. Ne2 b6 10. h4 Qf7 11. dxc5 bxc5 12. Be3 d4 13. cxd4 cxd4 14. Nxd4 f4 15.
Qf3 Nxd4 16. Qxa8 Nxc2+ 17. Ke2 Ne7 18. Rc1 O-O 19. Qf3 Qf5 20. Kd1 Nxe3+ 21.
fxe3 Rd8+ 22. Ke1 Qxe5 23. Be2 fxe3 24. Rh3 Qa5+ 25. Kf1 Rf8 26. Qxf8+ Kxf8 27.
Rxe3 Ba6 28. Re1 Nf5 29. Rf3 Ke7 30. Bxa6 Qxa6+ 31. Kg1 Qb6+ 32. Kh1 Qd4 33. g3
Qd5 0-1

[Event "II Weekend Master"]
[Site "Omegna ITA"]
[Date "2014.08.09"]
[Round "3"]
[White "D'Agostino, Maurizio"]
[Black "Marguerettaz, Davy"]
[WhiteElo "1993"]
[BlackElo "2187"]
[Result "0-1"]
[PlyCount "74"]
[EventDate "2014.08.08"]

1. e4 e5 2. Nf3 Nc6 3. c3 Nf6 4. d4 Nxe4 5. d5 Nb8 6. Qe2 Nf6 7. Nxe5 Be7 8. c4
O-O 9. Be3 d6 10. Nf3 Ng4 11. Nc3 Nxe3 12. fxe3 Nd7 13. O-O-O Nc5 14. Nd4 Re8
15. h4 Bf6 16. Qf3 Qe7 17. Nc2 Bxc3 18. bxc3 Nd7 19. Be2 Ne5 20. Qf4 Qd7 21.
Rhf1 Qa4 22. Kb2 c5 23. h5 h6 24. g4 f6 25. Ne1 b6 26. Ng2 Ba6 27. Nh4 Nxc4+
28. Ka1 Qc2 29. Bxc4 Qxc3+ 30. Kb1 Bxc4 31. Nf5 Bd3+ 32. Rxd3 Qxd3+ 33. Ka1 Re4
34. Nxh6+ gxh6 35. Qxf6 Re7 36. Rf4 Qxe3 37. Qxh6 Qc1# 0-1

[Event "II Weekend Master"]
[Site "Omegna ITA"]
[Date "2014.08.09"]
[Round "3"]
[White "Fattorelli, Luciano"]
[Black "Rivara, Massimo"]
[WhiteElo "1908"]
[BlackElo "1800"]
[Result "1-0"]
[PlyCount "89"]
[EventDate "2014.08.08"]

1. c4 c5 2. Nf3 Nf6 3. g3 g6 4. b3 Bg7 5. Bb2 O-O 6. Bg2 Nc6 7. O-O d6 8. d4
cxd4 9. Nxd4 Nxd4 10. Bxd4 Qc7 11. Nc3 a6 12. e4 Bd7 13. Nd5 Nxd5 14. exd5 Bxd4
15. Qxd4 Rab8 16. Rac1 Qa5 17. Qb2 b5 18. c5 dxc5 19. Rxc5 Rbc8 20. b4 Qb6 21.
Rfc1 Qd6 22. a3 e6 23. Qf6 Qb8 24. Qe7 Rxc5 25. bxc5 Qd8 26. Qxd8 Rxd8 27. d6
Bc8 28. Bc6 e5 29. Rd1 Be6 30. Bd5 Bg4 31. f3 Bd7 32. c6 Kf8 33. cxd7 Rxd7 34.
Bc6 Rd8 35. Rd5 f6 36. Kf2 Kf7 37. d7 Ke6 38. Rd3 Ke7 39. Ke3 Rb8 40. f4 Kd8
41. fxe5 fxe5 42. Ke4 Rb6 43. Rd6 b4 44. Kxe5 Rb8 45. axb4 1-0

[Event "II Weekend Master"]
[Site "Omegna ITA"]
[Date "2014.08.09"]
[Round "3"]
[White "Medici, Simone"]
[Black "Monticone, Sonia"]
[WhiteElo "2076"]
[BlackElo "1866"]
[Result "1-0"]
[PlyCount "79"]
[EventDate "2014.08.08"]

1. e4 c5 2. Nf3 e6 3. c4 a6 4. a3 Nc6 5. d4 cxd4 6. Nxd4 Qh4 7. Nc3 Bc5 8. Be3
Qf6 9. Nxe6 Bxe3 10. Nc7+ Kf8 11. fxe3 Rb8 12. c5 Nge7 13. Qf3 Qe5 14. Bc4 Nd8
15. N7d5 Ne6 16. O-O f6 17. Nxe7 Kxe7 18. Nd5+ Ke8 19. b4 Ng5 20. Qh5+ Kd8 21.
Bd3 d6 22. cxd6 Nh3+ 23. Qxh3 Bxh3 24. gxh3 h5 25. Rad1 Rh6 26. Ne7 Qg5+ 27.
Kf2 Qe5 28. Kg1 Qg5+ 29. Kf2 Qe5 30. Kg2 Qb2+ 31. Rf2 Qxa3 32. e5 Qxb4 33. e6
Qb3 34. Rc2 Qb4 35. Bf5 Qa5 36. Nd5 Qa4 37. e7+ Ke8 38. d7+ Qxd7 39. Bxd7+ Kxd7
40. Rc7+ 1-0

[Event "II Weekend Master"]
[Site "Omegna ITA"]
[Date "2014.08.09"]
[Round "3"]
[White "Pasquotto, Mirko"]
[Black "Ottolini, Graziano"]
[WhiteElo "1884"]
[BlackElo "1984"]
[Result "1/2-1/2"]
[PlyCount "70"]
[EventDate "2014.08.08"]

1. Nf3 d5 2. g3 Nf6 3. Bg2 c5 4. O-O Nc6 5. d3 g6 6. Nbd2 Bg7 7. e4 dxe4 8.
Nxe4 Nxe4 9. dxe4 Qxd1 10. Rxd1 Bg4 11. Re1 Nb4 12. Re2 Rd8 13. Be3 b6 14. c3
Nd3 15. Rd1 O-O 16. Red2 c4 17. h3 Bc8 18. Bf1 Rd6 19. Bxd3 cxd3 20. Rxd3 Rxd3
21. Rxd3 Bxh3 22. Bg5 Re8 23. Nd4 h6 24. Be3 Rd8 25. Rd2 Bxd4 26. Rxd4 Rxd4 27.
cxd4 h5 28. b4 Bd7 29. f4 Kf8 30. Kf2 Ke8 31. Ke2 Kd8 32. Kd3 Bb5+ 33. Kc3 Kc7
34. d5 Be2 35. Kd4 a6 1/2-1/2

[Event "II Weekend Master"]
[Site "Omegna ITA"]
[Date "2014.08.09"]
[Round "3"]
[White "Pozharitskiy, Anatoly"]
[Black "Boschetti, Claudio"]
[WhiteElo "1893"]
[BlackElo "2141"]
[Result "1-0"]
[PlyCount "65"]
[EventDate "2014.08.08"]

1. Nc3 e5 2. a3 d5 3. d4 exd4 4. Qxd4 Nf6 5. Bg5 Be7 6. O-O-O c6 7. e4 dxe4 8.
Qxd8+ Bxd8 9. Nxe4 O-O 10. Nxf6+ Bxf6 11. Bxf6 gxf6 12. Nf3 Nd7 13. Rd6 Kg7 14.
Bc4 Nc5 15. Re1 f5 16. Ng5 h6 17. b4 hxg5 18. bxc5 b5 19. Bb3 a5 20. Rxc6 b4
21. axb4 axb4 22. Re7 Ra1+ 23. Kb2 Rf1 24. Rec7 Rxf2 25. Rxc8 Rxc8 26. Rxc8
Rxg2 27. Rc7 Rxh2 28. Rxf7+ Kg6 29. c6 g4 30. Rf8 Rh7 31. Bf7+ Rxf7 32. Rxf7
Kxf7 33. c7 1-0

[Event "II Weekend Master"]
[Site "Omegna ITA"]
[Date "2014.08.09"]
[Round "3"]
[White "Vezzosi, Paolo"]
[Black "Quirico, Paolo"]
[WhiteElo "2274"]
[BlackElo "2104"]
[Result "1-0"]
[PlyCount "101"]
[EventDate "2014.08.08"]

1. d4 e6 2. Nf3 f5 3. g3 Nf6 4. Bg2 Be7 5. O-O O-O 6. c4 d6 7. b3 Ne4 8. Bb2
Bf6 9. Nbd2 a5 10. Qc2 Nxd2 11. Qxd2 Nc6 12. Rad1 Qe7 13. Rfe1 e5 14. e4 Kh8
15. dxe5 dxe5 16. exf5 Bxf5 17. Qe2 Rae8 18. h3 h6 19. Rd5 e4 20. Qd2 Bxb2 21.
Qxb2 Qb4 22. a3 Qe7 23. Nh4 Bh7 24. Re3 Qf6 25. Qxf6 Rxf6 26. f4 Rd6 27. f5
Rxd5 28. cxd5 Nd4 29. g4 h5 30. Kf2 hxg4 31. hxg4 Nc2 32. Rxe4 Rxe4 33. Bxe4
Nxa3 34. Bd3 Bg8 35. Ng6+ Kh7 36. Ne7 Bf7 37. Ke3 Be8 38. g5 Kh8 39. Kd4 Nb5+
40. Ke5 Nd6 41. g6 b5 42. f6 a4 43. bxa4 bxa4 44. f7 Nxf7+ 45. gxf7 Bxf7 46.
Nc6 Kg8 47. Nd8 a3 48. Bc4 Be8 49. d6+ Kf8 50. dxc7 Bd7 51. Kd6 1-0

[Event "II Weekend Master"]
[Site "Omegna ITA"]
[Date "2014.08.09"]
[Round "3"]
[White "Vianin, Pascal"]
[Black "Schmitt, Roland"]
[WhiteElo "2189"]
[BlackElo "1925"]
[Result "1-0"]
[PlyCount "87"]
[EventDate "2014.08.08"]

1. e4 c5 2. Nf3 d6 3. Bb5+ Nd7 4. d4 cxd4 5. Qxd4 e5 6. Qd3 h6 7. Nc3 Ngf6 8.
Nd2 Be7 9. Nc4 O-O 10. Be3 Ng4 11. Bxd7 Nxe3 12. Nxe3 Bxd7 13. O-O Rc8 14. Ncd5
Rc6 15. c4 g6 16. Nxe7+ Qxe7 17. Nd5 Qd8 18. f4 f5 19. Qg3 Kh7 20. fxe5 dxe5
21. b3 f4 22. Qf2 b6 23. Rad1 Bg4 24. Rd3 Rd6 25. b4 Qe8 26. c5 bxc5 27. bxc5
Rc6 28. Rb1 Rf7 29. Rdb3 Qf8 30. Rc1 Bc8 31. Rbc3 Rb7 32. a3 a5 33. Nb6 Rbc7
34. Qc2 Be6 35. Nd5 Rc8 36. Qf2 Rb8 37. a4 Rb7 38. Qe2 Rb8 39. Nb6 Qd8 40. Rd1
Qc7 41. Nd5 Bxd5 42. Rxd5 Rb4 43. Qd3 Rb7 44. Rc1 1-0

[Event "II Weekend Master"]
[Site "Omegna ITA"]
[Date "2014.08.10"]
[Round "4"]
[White "Boschetti, Claudio"]
[Black "Bini, Massimo"]
[WhiteElo "2141"]
[BlackElo "1995"]
[Result "1/2-1/2"]
[PlyCount "90"]
[EventDate "2014.08.08"]

1. e4 e5 2. Bc4 Qe7 3. Nf3 d6 4. O-O c6 5. d4 h6 6. a4 Nf6 7. dxe5 dxe5 8. Qe2
Bg4 9. h3 Bh5 10. a5 g5 11. g4 Bg6 12. Nc3 Nbd7 13. Kg2 Bg7 14. b3 Qd8 15. Rd1
Qc7 16. a6 b6 17. Ba3 Bf8 18. Bb2 Bc5 19. Bd3 h5 20. Nxg5 hxg4 21. hxg4 O-O-O
22. Rh1 Bd4 23. f3 Nc5 24. b4 Nxd3 25. cxd3 Qe7 26. Nh3 Qxb4 27. Ra4 Qd6 28.
Rc4 Bxc3 29. Rxc3 c5 30. Rhc1 Nd7 31. Rc4 Kb8 32. Qc2 f6 33. Nf2 Rh7 34. Qa4
Bf7 35. R4c2 Be8 36. Qa1 Nf8 37. Qb1 Ne6 38. Kg1 Bg6 39. Ba3 Ka8 40. Bb2 Rdh8
41. Rc4 Nf4 42. Kf1 Nh3 43. R4c2 Nf4 44. Rc4 Nh3 45. R4c2 Nf4 1/2-1/2

[Event "II Weekend Master"]
[Site "Omegna ITA"]
[Date "2014.08.10"]
[Round "4"]
[White "D'Agostino, Maurizio"]
[Black "Vianin, Pascal"]
[WhiteElo "1993"]
[BlackElo "2189"]
[Result "0-1"]
[PlyCount "102"]
[EventDate "2014.08.08"]

1. Nf3 Nf6 2. g3 d5 3. Bg2 c6 4. c4 e6 5. b3 Be7 6. Bb2 Nbd7 7. O-O O-O 8. d4
b6 9. Nbd2 Bb7 10. Qc2 dxc4 11. bxc4 c5 12. e3 Rc8 13. Qb3 Qc7 14. Rfc1 Rfd8
15. a4 Ne4 16. Nxe4 Bxe4 17. a5 Rb8 18. Qa2 Qb7 19. Ne1 Bxg2 20. Nxg2 Nf6 21.
axb6 axb6 22. Qa7 Ne4 23. dxc5 Bxc5 24. Qxb7 Rxb7 25. Rd1 Rbb8 26. Nf4 Nd2 27.
Rac1 Nb3 28. Rxd8+ Rxd8 29. Rc3 Nd2 30. Nd3 Be7 31. Ne5 Bf6 32. Rc2 Bxe5 33.
Rxd2 Rxd2 34. Bxe5 Rd7 35. Bd4 Rb7 36. f4 f6 37. Kf2 Kf7 38. h4 h5 39. Kf3 Ke7
40. e4 Kd7 41. g4 hxg4+ 42. Kxg4 Kc6 43. Kh5 Rd7 44. Bc3 Kc5 45. Kg6 Kxc4 46.
Ba1 Ra7 47. Bb2 Ra2 48. Kxg7 Rxb2 49. Kxf6 Kd4 50. Kxe6 Kxe4 51. f5 Rh2 0-1

[Event "II Weekend Master"]
[Site "Omegna ITA"]
[Date "2014.08.10"]
[Round "4"]
[White "Engl, Stefan"]
[Black "Balzan, Marco"]
[WhiteElo "1912"]
[BlackElo "1822"]
[Result "1-0"]
[PlyCount "43"]
[EventDate "2014.08.08"]

1. e4 c5 2. d4 cxd4 3. c3 dxc3 4. Nxc3 Nc6 5. Nf3 d6 6. Bc4 e6 7. O-O Nf6 8.
Qe2 a6 9. Rd1 Qc7 10. Bf4 Be7 11. Rac1 O-O 12. Bb3 Bd7 13. Nd5 exd5 14. exd5
Nxd5 15. Bxd5 Rae8 16. Qd3 h6 17. Bxh6 gxh6 18. Qg6+ Kh8 19. Qxh6+ Kg8 20. Be4
f5 21. Bd5+ Rf7 22. Qg6+ 1-0

[Event "II Weekend Master"]
[Site "Omegna ITA"]
[Date "2014.08.10"]
[Round "4"]
[White "Mantovan, Giuseppe"]
[Black "Cacciola, Alfredo"]
[WhiteElo "1828"]
[BlackElo "2148"]
[Result "0-1"]
[PlyCount "104"]
[EventDate "2014.08.08"]

1. d4 Nf6 2. c4 g6 3. Nc3 Bg7 4. e4 d6 5. f4 O-O 6. Nf3 c5 7. d5 e6 8. Be2 exd5
9. exd5 Bf5 10. O-O Re8 11. Bd3 Qd7 12. Qc2 Bxd3 13. Qxd3 Na6 14. Bd2 Nb4 15.
Qb1 b5 16. a3 Na6 17. Qd3 Nc7 18. cxb5 Reb8 19. a4 a6 20. f5 Ng4 21. h3 Ne5 22.
Nxe5 Bxe5 23. fxg6 hxg6 24. Bg5 axb5 25. axb5 Rxa1 26. Rxa1 Nxb5 27. Rf1 Nc7
28. Bc1 Kg7 29. Ne4 Rb4 30. Ng5 f6 31. Nf3 Bxb2 32. Bxb2 Rxb2 33. Nd2 Rb4 34.
Qf3 Qe7 35. Nb3 Qe5 36. Rd1 Qe4 37. Qxe4 Rxe4 38. Kf2 Re5 39. Ra1 Nxd5 40. Ra6
Nc3 41. Kf1 Ne4 42. Na5 Re7 43. Nc6 Rd7 44. Nb8 Rb7 45. Nc6 d5 46. Nd8 Rd7 47.
Ne6+ Kf7 48. Nf4 d4 49. Ra4 Nc3 50. Ra5 c4 51. Rc5 d3 52. Nxd3 cxd3 0-1

[Event "II Weekend Master"]
[Site "Omegna ITA"]
[Date "2014.08.10"]
[Round "4"]
[White "Marguerettaz, Davy"]
[Black "Medici, Simone"]
[WhiteElo "2187"]
[BlackElo "2076"]
[Result "1-0"]
[PlyCount "69"]
[EventDate "2014.08.08"]

1. e4 e5 2. Nf3 d6 3. d4 exd4 4. Nxd4 Be7 5. g3 Bf6 6. Bg2 Ne7 7. O-O O-O 8.
Nc3 Nbc6 9. Nxc6 bxc6 10. f4 Rb8 11. g4 Ba6 12. Rf3 Ng6 13. g5 Bxc3 14. Rxc3 f6
15. Qh5 Re8 16. Rh3 Nf8 17. f5 Qe7 18. b3 Qe5 19. Rb1 Qc5+ 20. Be3 Qxc2 21. Rc1
Qe2 22. Qxe2 Bxe2 23. gxf6 c5 24. fxg7 Kxg7 25. Kf2 Ba6 26. Bf3 Nd7 27. Rg1+
Kh8 28. Bg5 Rf8 29. Rh6 Rg8 30. e5 Rxg5 31. Rxg5 Nxe5 32. Rgh5 Rb4 33. Rxh7+
Kg8 34. Bd5+ Kf8 35. Rxc7 1-0

[Event "II Weekend Master"]
[Site "Omegna ITA"]
[Date "2014.08.10"]
[Round "4"]
[White "Monticone, Sonia"]
[Black "Vezzosi, Paolo"]
[WhiteElo "1866"]
[BlackElo "2274"]
[Result "0-1"]
[PlyCount "72"]
[EventDate "2014.08.08"]

1. c4 e5 2. Nc3 d6 3. Nf3 Nf6 4. e3 Be7 5. d4 Nbd7 6. Be2 O-O 7. O-O Re8 8. b4
c6 9. d5 c5 10. a3 a5 11. bxc5 Nxc5 12. a4 Bf8 13. Ba3 Nfd7 14. Qc2 g6 15. Ne4
b6 16. Bxc5 bxc5 17. Rfb1 Nb8 18. Nc3 Na6 19. Ne1 Nb4 20. Qd2 e4 21. Nc2 Bg7
22. Ra3 h5 23. Nb5 Be5 24. f4 exf3 25. Bxf3 Qh4 26. g3 Qxc4 27. Nxb4 axb4 28.
Rc1 Qxb5 29. axb5 Rxa3 30. Bd1 Bd7 31. b6 Rb8 32. Bc2 Rxb6 33. Rf1 Bh3 34. Rb1
b3 35. Be4 c4 36. Qc1 Ra4 0-1

[Event "II Weekend Master"]
[Site "Omegna ITA"]
[Date "2014.08.10"]
[Round "4"]
[White "Montilli, Vincenzo"]
[Black "Buzio, Alberto"]
[WhiteElo "2068"]
[BlackElo "1841"]
[Result "1-0"]
[PlyCount "87"]
[EventDate "2014.08.08"]

1. Nf3 Nf6 2. c4 c5 3. g3 g6 4. Bg2 Bg7 5. O-O O-O 6. d4 cxd4 7. Nxd4 Nc6 8.
Nc3 Re8 9. c5 a6 10. Na4 Nxd4 11. Qxd4 d5 12. Nb6 e5 13. Qd1 Rb8 14. Nxd5 Be6
15. e4 Qc8 16. Nxf6+ Bxf6 17. Be3 Bg7 18. Qc2 f5 19. Rfd1 Qc7 20. f3 Red8 21.
b4 f4 22. Bf2 Qf7 23. Rxd8+ Rxd8 24. g4 Qd7 25. Bf1 Bf6 26. Bc4 Qf7 27. Bxe6
Qxe6 28. a3 Qd7 29. Kg2 h5 30. h3 Qd2 31. Qxd2 Rxd2 32. Kf1 hxg4 33. hxg4 Kf7
34. Ke1 Rc2 35. Rd1 Rc3 36. Rd7+ Ke6 37. Rxb7 Rxa3 38. Rb6+ Ke7 39. c6 Ra1+ 40.
Ke2 Ra2+ 41. Kf1 Ra1+ 42. Kg2 Ra2 43. c7 Bh4 44. c8=Q 1-0

[Event "II Weekend Master"]
[Site "Omegna ITA"]
[Date "2014.08.10"]
[Round "4"]
[White "Paleologu, Vladimir"]
[Black "Pozharitskiy, Anatoly"]
[WhiteElo "2151"]
[BlackElo "1893"]
[Result "0-1"]
[PlyCount "132"]
[EventDate "2014.08.08"]

1. e4 Nc6 2. Nc3 e6 3. d4 Bb4 4. Nge2 Nf6 5. a3 Ba5 6. b4 Bb6 7. e5 Nd5 8. Na4
Qe7 9. c4 Ndxb4 10. axb4 Qxb4+ 11. Bd2 Qxc4 12. Nxb6 cxb6 13. Ra4 Qd3 14. Nc3
Qg6 15. Qf3 h5 16. h3 h4 17. Be2 a6 18. O-O Rb8 19. Ne4 b5 20. Nd6+ Kf8 21. Rb4
b6 22. Rc1 Ke7 23. Bd3 Qh5 24. Qf4 Bb7 25. Rb3 f6 26. Re1 f5 27. Rbb1 Qg6 28.
d5 Na5 29. Nxb7 Nxb7 30. Bb4+ Kf7 31. Rbc1 Qh6 32. Qd4 a5 33. Bd6 Nxd6 34. exd6
Rhc8 35. Rc7 Qd2 36. dxe6+ Kf8 37. e7+ Ke8 38. Rxc8+ Rxc8 39. Qe3 Qxe3 40. Rxe3
Rc5 41. Rf3 g6 42. Rf4 Rd5 43. Rxh4 Rxd6 44. Bxb5 Kxe7 45. Rh7+ Ke6 46. Rg7 Kd5
47. h4 Kc5 48. Rxd7 Rxd7 49. Bxd7 b5 50. Kf1 b4 51. Ba4 Kc4 52. Ke2 Kc3 53. Kd1
Kb2 54. g3 Ka3 55. Bb5 b3 56. Kc1 Ka2 57. Bc4 a4 58. f3 Ka1 59. Kd2 b2 60. Bd3
b1=Q 61. Bxb1 Kxb1 62. g4 fxg4 63. fxg4 a3 64. h5 gxh5 65. g5 a2 66. g6 a1=Q
0-1

[Event "II Weekend Master"]
[Site "Omegna ITA"]
[Date "2014.08.10"]
[Round "4"]
[White "Quirico, Paolo"]
[Black "Balzan, Alessandro"]
[WhiteElo "2104"]
[BlackElo "1770"]
[Result "1-0"]
[PlyCount "53"]
[EventDate "2014.08.08"]

1. c4 Nf6 2. Nc3 e6 3. e4 d5 4. e5 Nfd7 5. d4 dxc4 6. Bxc4 c5 7. Nf3 cxd4 8.
Qxd4 Nc6 9. Qe4 a6 10. O-O Qc7 11. Bf4 b5 12. Bb3 Bb7 13. Rac1 Nc5 14. Qe3
O-O-O 15. Ne4 Nxe4 16. Qxe4 Kb8 17. Qe2 Qa5 18. a3 Be7 19. Bc2 h6 20. Be4 Nd4
21. Nxd4 Rxd4 22. Bxb7 Kxb7 23. Be3 Rd5 24. Qc2 Rhd8 25. Qc6+ Kb8 26. Bb6 Qd2
27. Qc7+ 1-0